Military law in practice (Record no. 73635)

MARC details
000 -LEADER
fixed length control field 00704cam a22002531 4500
001 - CONTROL NUMBER
control field sa 67003117
003 - CONTROL NUMBER IDENTIFIER
control field DLC
005 - DATE AND TIME OF LATEST TRANSACTION
control field 20260227112335.0
008 - FIXED-LENGTH DATA ELEMENTS--GENERAL INFORMATION
fixed length control field 861218s1966 ii 000 0 eng
010 ## - LIBRARY OF CONGRESS CONTROL NUMBER
LC control number sa 67003117
025 ## - OVERSEAS ACQUISITION NUMBER
Overseas acquisition number PL480:I-E-7756
035 ## - SYSTEM CONTROL NUMBER
System control number (OCoLC)14990894
040 ## - CATALOGING SOURCE
Original cataloging agency DLC
Transcribing agency WaU
Modifying agency DLC
042 ## - AUTHENTICATION CODE
Authentication code premarc
043 ## - GEOGRAPHIC AREA CODE
Geographic area code a-ii---
050 00 - LIBRARY OF CONGRESS CALL NUMBER
Classification number KNS3380
Item number .S26 1966
082 ## - DEWEY DECIMAL CLASSIFICATION NUMBER
Classification number 355.1/33/0954
100 1# - MAIN ENTRY--PERSONAL NAME
Personal name Sanandan, K. C.
245 10 - TITLE STATEMENT
Title Military law in practice
Statement of responsibility, etc. [by] K. C. Sanandan.
260 ## - PUBLICATION, DISTRIBUTION, ETC.
Place of publication, distribution, etc. Bombay,
-- New York,
Name of publisher, distributor, etc. Allied Publishers
Date of publication, distribution, etc. [1966]
300 ## - PHYSICAL DESCRIPTION
Extent 151 p.
Dimensions 23 cm.
650 #0 - SUBJECT ADDED ENTRY--TOPICAL TERM
Topical term or geographic name entry element Military offenses
Geographic subdivision India.
650 #0 - SUBJECT ADDED ENTRY--TOPICAL TERM
Topical term or geographic name entry element Courts-martial and courts of inquiry
Geographic subdivision India.

No items available.

Powered by Koha